Most Tattooed Countries - Statistics

General Stats
  • This quiz has been taken 113 times
  • The average score is 8 of 10
Answer Stats
% Answer % Correct
40 UK
94%
46 USA
94%
36 France
83%
42 Spain
83%
43 Australia
81%
48 Italy
78%
47 Sweden
72%
37 Brazil
69%
41 Denmark
62%
43 Argentina
47%
No matching quizzes found
Score Distribution
Percent of People with Each Score
Percentile by Number Answered
Your Score History
You have not taken this quiz